Marques présentes dans la caravane du Tour de France 2025 - Statistiques

Statistiques générales
  • Ce quiz a été pris 18 fois
  • Le résultat moyen est 4 sur 36
Statistiques - réponses
Domaine d’activité Nombre de véhicules Marque % Correct
Alimentaire 7 Cochonou
73%
Automobile 7 Skoda
67%
Banque 7 LCL
53%
Optique et audition 6 Krys
33%
Syndicat 2 CGT
27%
Syndicat 2 FO
20%
Alimentaire 4 Haribo
20%
Alimentaire/Boisson 6 Orangina
20%
Crédit a la consomation/Equipe cycliste 2 Cofidis
13%
Pneumatique 5 Continental
13%
Grande surface 11 E.Leclerc
13%
Force publique 4 Gendarmerie
13%
Alimentaire 5 Panzani
13%
Jeux d’argents 5 FDJ united
7%
Syndicat 4 FNSEA
7%
Hôtellerie 5 Ibis Style/Budget
7%
Maintenance Automobile 4 Norauto
7%
Alimentaire 5 Senseo
7%
Production d’électricité et d’énergies renouvelables/Equipe cycliste 2 Total Energies
7%
Alimentaire/Boisson 6 Tourtel Twist
7%
Lessive 5 XTRA
7%
Salles de sport 4 Basic Fit
0%
Département 4 Béarn-Pyrenées
0%
Produits contre les douleurs musculaires 2 BioFreeze
0%
Immobilier 6 Century 21
0%
Radio 3 ICI-Radio France
0%
Alimentaire 4 La Vache qui Rit
0%
Alimentaire 8 Le Gaulois
0%
Alimentaire 6 Lesieur/Puget
0%
Association 4 Mécénat Chirurgie cardiaque
0%
Livraison 4 Mondial Relay
0%
Parc d’atraction 5 Parc Asterix
0%
Sécurité civile 6 Sapeurs Pompiers
0%
Prévention 2 Sécurité routière
0%
Stores de toit 4 Velux
0%
Parc Animalier 4 Zoo de Beauval
0%
Aucun quiz correspondant
Distribution des résultats
% des personnes avec chaque résultat
Percentile par nombre de réponses
Votre historique - résultats
Vous n’avez pas pris ce quiz